Paese da un suo artista musicale - Statistics

Statistiche generali
  • Questo quiz è stato fatto 215 volte
    199 dall'ultimo reset
  • Il punteggio medio è 15 su 30
Statistiche sulle risposte
Artista musicale Paese % Corretto
Wolfgang Amadeus Mozart Austria
93%
Luciano Pavarotti Italia
92%
The Beatles Regno Unito
83%
Michael Jackson Stati Uniti
79%
Shakira Colombia
78%
Bob Marley Giamaica
78%
Ludwig van Beethoven Germania
76%
Justin Bieber Canada
75%
ABBA Svezia
75%
BTS Corea del Sud
71%
U2 Irlanda
69%
Julio Iglesias Spagna
66%
AC/DC Australia
60%
Pëtr Il'ič Čajkovskij Russia
59%
Stromae Belgio
57%
Björk Islanda
50%
Carlos Santana Messico
48%
Rihanna Barbados
45%
Frédéric Chopin Polonia
44%
Daft Punk Francia
43%
Anitta Brasile
32%
Lukas Graham Danimarca
28%
Ravi Shankar India
26%
a-ha Norvegia
25%
Luis Fonsi Porto Rico
22%
Amália Rodrigues Portogallo
19%
Tiësto Paesi Bassi
18%
Lorde Nuova Zelanda
16%
2Cellos Slovenia Croazia
9%
Fela Kuti Nigeria
7%
Nessun quiz corrispondente trovato
Distribuzione punteggi
Percentuale di utenti per punteggio
Percentile per numero di risposta
I tuoi punteggi nel tempo
Non hai fatto questo quiz dall'ultimo reset